Jangan sebut namaku

Bibliographic Details
Main Author: Noorfadzillah
Format: Book
Published: Selangor : Buku Prima , 2011
Subjects:

MARC

LEADER 00000cam a2200000 7i4500
001 0000042656
005 20140902.0
008 140902
020 |a 9670184708 
090 0 0 |a NOO   |b MAL 
100 0 |a Noorfadzillah 
245 1 0 |a Jangan sebut namaku   |c Noorfadzillah 
260 |a Selangor :   |b Buku Prima ,   |c 2011 
650 0 |a Malay fiction 
999 |a 0001296018   |b Book   |c Adult Collection   |e Perbadanan Perpustakaan Awam Johor